000
00242nam a22001097a 4500
008
170125b xxu||||| |||| 00| 0 eng d
020
_a
9781889793177
041
_a
eng
080
_a
61
245
_a
HEALTH POLITICS
_c
KOOP, C.E
942
_2
udc
_c
BK
999
_c
3677
_d
3677